| 000 | 00488nam a22001817a 4500 | ||
|---|---|---|---|
| 003 | OSt | ||
| 005 | 20180116183051.0 | ||
| 008 | 160815b xxu||||| |||| 00| 0 eng d | ||
| 020 | _a07099352568 | ||
| 040 | _c0 | ||
| 082 | _a658 GAT 1999 | ||
| 100 | _aBill Gates | ||
| 245 |
_aBusiness @ The Speed of Thought _cUsing A Digital Nervous System |
||
| 260 |
_aUSA _bA Time Warner Company _c1999 |
||
| 300 |
_a470 p. _bHB |
||
| 440 | _aBusiness @ The Speed of Thought | ||
| 942 |
_2ddc _cBK |
||
| 999 |
_c351655 _d351655 |
||